000 00657nam a2200205Ia 4500
003 GCL
008 140319s9999 xx 000 0 ara d
040 _aGCL /
_cGCL
082 0 4 _a344.01
_bع م
100 1 _aعصمت الهوارى
245 1 0 _aالمرشد فى قانون العمل الموحد /
_cعصمت الهوارى
700 1 _aفهمى كامل
260 _a[S.N] :
_bمكتبة الانجلوالمصرية ،
_c1959
300 _a440 ص
490 _aالهيئة العامة للاستعلامات
_v0
650 0 4 _aالقانون
650 0 4 _aقانون العقوبات
650 0 4 _aقانون العمل
942 _2ddc
_cBK
999 _c49706
_d49706